000 02206cam a2200385 4500500
005 20260412000424.0
041 _afre
042 _adc
100 1 0 _aDecleire, Luc
_eauthor
245 0 0 _aLes silences assourdissants du viol
260 _c2026.
500 _a34
520 _aLes traditions culturelles de nombreux pays bloquent les possibilités des femmes violées ou sévèrement maltraitées de porter plainte. Même si leur constitution annonce défendre les droits des femmes, en pratique, les traditions, les coutumes, la « kanun », la loi du sang et les codes d’honneur continuent à régir la société et à contraindre les femmes au silence. Cet article illustre comment le silence est fissuré et rompu par l’inconscient et le non verbal.
520 _aThe cultural traditions of many countries block the possibility of women who have been raped or severely abused to file complaints. Even if the constitutions of many countries announce that they defend women’s rights, in practice traditions, customs, the “kanun”, the law of blood and the codes of honour continue to govern society and to force women into silence. This article illustrates how silence is cracked and broken by the unconscious and the non-verbal.
690 _acontre-transfert
690 _ahypervigilance post-traumatique
690 _alangage non-verbal
690 _aparoles dangereuses
690 _aperversion des traditions
690 _arépétitions traumatiques
690 _areviviscences post-traumatiques
690 _asilences contraints
690 _aviol
690 _acountertransference
690 _adangerous words
690 _aforced silences
690 _anon-verbal language
690 _aperversion of traditions
690 _apost-traumatic hypervigilance
690 _arape
690 _are-experiencing the trauma
690 _atraumatic repetitions
786 0 _nCahiers critiques de thérapie familiale et de pratiques de réseaux | 76 | 1 | 2026-04-07 | p. 211-221 | 1372-8202
856 4 1 _uhttps://shs.cairn.info/revue-cahiers-critiques-de-therapie-familiale-et-de-pratiques-de-reseaux-2026-1-page-211?lang=fr&redirect-ssocas=7080
999 _c2209976
_d2209976